Luyện thêm chất thép cho ngòi bút Bình luận văn học
محفوظ في:
| المؤلف الرئيسي: | |
|---|---|
| التنسيق: | كتاب |
| اللغة: | Vietnamese |
| منشور في: |
H.
Nxb. Văn học
1978
|
| الطبعة: | Lần 1 |
| الوسوم: |
إضافة وسم
لا توجد وسوم, كن أول من يضع وسما على هذه التسجيلة!
|
| Thư viện lưu trữ: | Mạng thư viện Đại học Đà Nẵng |
|---|
| LEADER | 00697nam a2200265 4500 | ||
|---|---|---|---|
| 001 | 000003886 | ||
| 003 | 7 | ||
| 005 | 20121211001212.0 | ||
| 008 | 110428s1978 viesd | ||
| 041 | 0 | |a vie | |
| 082 | |a 807 |b LUY | ||
| 100 | 0 | |a Nam Mộc | |
| 245 | 0 | |a Luyện thêm chất thép cho ngòi bút |b Bình luận văn học |c Nam Mộc | |
| 250 | |a Lần 1 | ||
| 260 | |a H. |b Nxb. Văn học |c 1978 | ||
| 300 | |a 403 tr |c 19 cm | ||
| 910 | |a Huỳnh Thị Cẩm Lai |d 28/04/2011 | ||
| OWN | |a LSP | ||
| 999 | |a From the UDN01 | ||
| TYP | |a Monograph | ||
| TYP | |a Printed language | ||
| 980 | |a Mạng thư viện Đại học Đà Nẵng | ||